| 000 | 00857cam a22002775a 4500 | ||
|---|---|---|---|
| 001 | 4034757 | ||
| 005 | 20160302131604.0 | ||
| 008 | 980707t2000 nyua frb 001 0 eng d | ||
| 020 | _a0393966518 | ||
| 020 | _a9780393966510 | ||
| 040 |
_aDLC _cDLC _dDLC _dEG-ScBUE _dEG-ScBUE _beng |
||
| 043 | _an-us--- | ||
| 082 | 0 | 4 |
_222 _a336.73 _bSTI |
| 100 | 1 |
_aStiglitz, Joseph E. _927884 |
|
| 245 | 1 | 0 |
_aEconomics of the public sector / _cJoseph E. Stiglitz. |
| 250 | _a3rd ed. | ||
| 260 |
_aNew York ; _aLondon : _bW. W. Norton & Company, _cc.2000. |
||
| 300 |
_axxiii, 823 p. : _bill. ; _c25 cm. |
||
| 500 | _aIndex : p. 805-823. | ||
| 504 | _aBibliography : p. 795-803. | ||
| 650 | 0 |
_aFinance, Public _zUnited States. _2BUEsh _94567 |
|
| 650 | 0 |
_aFiscal policy _zUnited States. _2BUEsh _927451 |
|
| 651 | _2BUEsh | ||
| 653 |
_bBUSECO _cMarch2016 |
||
| 942 | _2ddc | ||
| 999 |
_c21303 _d21275 |
||